000 00874nam a2200253 a 4500
005 20050315114734.0
008 040820s2002 ii b 000 0 eng
010 _aENG-92508
020 _c75.00
_a8184460155
035 _aEN-76041
037 _bDBAD / PUB
040 _adpl
_bEnglish
082 _a871
100 _aRamathal, K.M.
245 _aHoney dews of economics in Thirukkural /
_cby K.M. Ramathal
260 _aCoimbatore
_bVijaya Pathippagam
_c2006
300 _a198p.
_c22 cm (pbk)
500 _aIncludes bibliographical references
600 _aTiruvaḷḷuvar. Tirukkur̲aḷ.
650 _aLiterature and society.
650 _aEconomics in literature.
942 _2ddc
_cEN
_mRAM
_h871
999 _c20999
_d20999